<?xml version="1.0" encoding="UTF-8"?>
<record
    xmlns:xsi="http://www.w3.org/2001/XMLSchema-instance"
    xsi:schemaLocation="http://www.loc.gov/MARC21/slim http://www.loc.gov/standards/marcxml/schema/MARC21slim.xsd"
    xmlns="http://www.loc.gov/MARC21/slim">

  <leader>00469nam a22001817a 4500</leader>
  <controlfield tag="003">KOHA_M&#x130;RAKIL</controlfield>
  <controlfield tag="005">20251202072528.0</controlfield>
  <controlfield tag="008">251202b        tu ||||| |||| 00| 0 tur d</controlfield>
  <datafield tag="020" ind1=" " ind2=" ">
    <subfield code="a">9786258352795</subfield>
  </datafield>
  <datafield tag="040" ind1=" " ind2=" ">
    <subfield code="a">TR-AnABB</subfield>
    <subfield code="b">tur</subfield>
    <subfield code="c">TR-AnABB</subfield>
  </datafield>
  <datafield tag="041" ind1=" " ind2=" ">
    <subfield code="a">tur</subfield>
  </datafield>
  <datafield tag="082" ind1=" " ind2=" ">
    <subfield code="a">928</subfield>
    <subfield code="b">SAD 2023</subfield>
  </datafield>
  <datafield tag="245" ind1="1" ind2="0">
    <subfield code="a">Sadullah Enveri tarihi /</subfield>
  </datafield>
  <datafield tag="260" ind1=" " ind2=" ">
    <subfield code="a">Ankara :</subfield>
    <subfield code="b">T&#xFC;rkiye Bilimler Akademisi,</subfield>
    <subfield code="c">2023</subfield>
  </datafield>
  <datafield tag="300" ind1=" " ind2=" ">
    <subfield code="a">944 sayfa ;</subfield>
    <subfield code="c">24 cm</subfield>
  </datafield>
  <datafield tag="650" ind1="0" ind2="4">
    <subfield code="a">Tarih</subfield>
  </datafield>
  <datafield tag="942" ind1=" " ind2=" ">
    <subfield code="2">ddc</subfield>
    <subfield code="c">BK</subfield>
  </datafield>
  <datafield tag="952" ind1=" " ind2=" ">
    <subfield code="0">0</subfield>
    <subfield code="1">0</subfield>
    <subfield code="2">ddc</subfield>
    <subfield code="7">0</subfield>
    <subfield code="a">BAT</subfield>
    <subfield code="b">BAT</subfield>
    <subfield code="d">2025-12-02</subfield>
    <subfield code="l">0</subfield>
    <subfield code="o">928 SAD 2023</subfield>
    <subfield code="p">ABB125904</subfield>
    <subfield code="r">2025-12-02 07:25:43</subfield>
    <subfield code="w">2025-12-02</subfield>
    <subfield code="y">BK</subfield>
  </datafield>
  <datafield tag="999" ind1=" " ind2=" ">
    <subfield code="c">9690</subfield>
    <subfield code="d">9690</subfield>
  </datafield>
  <datafield tag="900" ind1=" " ind2=" ">
    <subfield code="b">Gizem YORULMAZ</subfield>
  </datafield>
</record>
